000
00212 a2200097 4500
001
42838
100
_a
Iqbal M.J
245
_a
Pakistan versus India
260
_a
Karachi
_b
Javid Iqbal
_c
090
_c
26728
_d
26728
942
_a
NUST-CAE
_c
M
_c
18589
999
_c
277911
_d
277911